LIBRARY & INFORMATION CENTRE, KCAET, TAVANUR

ONLINE PUBLIC ACCESS CATALOGUE (OPAC)

David Copperfield / (Record no. 2527)

MARC details
000 -LEADER
fixed length control field 00458cam a2200193ua 4500
041 ## - LANGUAGE CODE
Language code of text/sound track or separate title eng
082 ## - DEWEY DECIMAL CLASSIFICATION NUMBER
Classification number 823.308
Item number DIC/DA
100 ## - MAIN ENTRY--AUTHOR NAME
Personal name Dickens, Charles .
245 ## - TITLE STATEMENT
Title David Copperfield /
260 ## - PUBLICATION, DISTRIBUTION, ETC. (IMPRINT)
Place of publication London :
Name of publisher Blackie & Son Ltd.
300 ## - PHYSICAL DESCRIPTION
Number of Pages 122 ; .
942 ## - ADDED ENTRY ELEMENTS (KOHA)
Koha item type Books
Holdings
Withdrawn status Lost status Damaged status Home library Current library Date acquired Full call number Accession Number Koha item type Cost, normal purchase price
Withdrawn     KAUAET KAUAET 23/09/2020 823.308 DIC/DA 11119 Books 1.25
Withdrawn     KAUAET Malayalam University 07/04/2012 823.308 11069 Books  
Withdrawn     KAUAET Malayalam University 07/04/2012 823.308 11135 Books  
Withdrawn     KAUAET Sanskrit University 07/04/2012 823.308 11091 Books  
Withdrawn     KAUAET Sanskrit University 07/04/2012 823.308 11056 Books  
Withdrawn     KAUAET Sanskrit University 07/04/2012 823.308 10946 Books  
free website counter